000 00706nam a2200169Ia 4500
008 230917s9999||||xx |||||||||||||| ||und||
020 _cRS450
040 _e239212
_aMAIN
041 _aEnglish
082 _a891.43371109 RF298:PS
100 _aप्रसाद, शिव चन्द
245 0 _aफणीश्वर नाथ रेणुः युग चेतना एवं मूल्यबोधछ राजनीतिक संक्रमण के विशेष संदर्भ में
260 _aगाजियाबाद
_bआकाश पब्लिशर्स
_c2012
300 _a208 p.
500 _a2695 27/03/2017 IBS17/754 27/03/2017 Main Budget
942 _cBK
999 _c22204
_d22204